Zmluva v medzinárodnom obchode dizertačná práca
Saved in:
| Main Author: | |
|---|---|
| Corporate Author: | |
| Other Authors: | |
| Format: | Book |
| Language: | Slovak |
| Published: |
Bratislava
2007
|
| Subjects: | |
| Tags: |
No Tags, Be the first to tag this record!
|
MARC
| LEADER | 00000nam$a2200000$$$4500 | ||
|---|---|---|---|
| 001 | 0065681 | ||
| 005 | 20240502071759.0 | ||
| 041 | 0 | |a slo | |
| 044 | |a SK | ||
| 245 | 1 | 0 | |a Zmluva v medzinárodnom obchode |b dizertačná práca |c Halina Martyniv ; škol. Stanislav Mráz |
| 264 | 1 | |a Bratislava |c 2007 | |
| 300 | |a 163 s. | ||
| 610 | 2 | 0 | |a zmluvy |
| 610 | 2 | 0 | |a zmluvy medzinárodné |
| 610 | 2 | 0 | |a obchod medzinárodný |
| 100 | 1 | |a Martyniv, Halina | |
| 700 | 1 | |a Mráz, Stanislav | |
| 710 | 2 | |a Fakulta medzinárodných vzťahov EU. Katedra medzinárodného práva | |